000 00483nam a22001937a 4500
005 20200316133116.0
008 200316b xxu||||| |||| 00| 0 eng d
020 _a9781784709228
_c₹ 450
040 _beng
041 _aEnglish
082 _aF
_bMAN
100 _aMangan, Lucy
245 _aBookworm
_bA memoir of childhood reading
_cLucy Mangan
260 _aLondon
_bVintage
_c2018
300 _a322p
_b23 cm
650 _aFiction in English
850 _aLCLIB
942 _cBK
999 _c42705
_d93184